000
00224 a2200085 4500
020
_a
978-0711288966
100
_a
Lorenzo Ciccarelli
245
_a
Renzo Piano: and Renzo Piano Building Workshop
260
_b
Frances Lincoln
_c
2023
999
_c
13636
_d
13636